书目信息 |
| 题名: |
FPGA那些事儿
|
|
| 作者: | 杨开陵 编著 | |
| 分册: | ||
| 出版信息: | 北京 北京航空航天大学出版社 2013 |
|
| 页数: | 342页 | |
| 开本: | 24cm | |
| 丛书名: | ||
| 单 册: | ||
| 中图分类: | TP312VH | |
| 科图分类: | ||
| 主题词: | VHDL语言--程序设计 , VHDL语言 , 程序设计 | |
| 电子资源: | ||
| ISBN: | 978-7-5124-1210-1 | |
| 000 | 01249nam0 2200277 450 | |
| 001 | 523 | |
| 005 | 20140910091237.78 | |
| 010 | @a978-7-5124-1210-1@dCNY49.00 | |
| 100 | @a20131129d2013 em y0chiy50 ea | |
| 101 | 0 | @achi |
| 102 | @aCN@b110000 | |
| 105 | @aa z 000yy | |
| 106 | @ar | |
| 200 | 1 | @aFPGA那些事儿@AFPGA Na Xie Shi Er@eVerilog HDL建模设计@EVerilog HDL Jian Mo She Ji@f杨开陵[等]编著@FYang Kai Ling [ Deng ] Bian Zhu |
| 210 | @a北京@c北京航空航天大学出版社@d2013 | |
| 215 | @a342页@c图@d24cm | |
| 304 | @a编著者还有:徐巧玉、王志慧、王军委、马瑞 | |
| 330 | @a本书共6章,第1章起到扫盲的作用;第2章介绍建模的所有基本单位、应用以及一些需要注意的问题,这是通过VerilogHDL语言来设计FPGA的基础;第3章介绍一些典型实验,如PS2解码、UART串口和VGA驱动等;第4章讲仿顺序操作,是建模的一个重点,利用建模的优点去弥补VerilogHDL在顺序性操作的不足;第5章是模块封装,这可用于后期建模;第6章是系统建模,使建模模型有一个大体的轮廓和框架,是构建设计的“蓝图”。 | |
| 517 | 1 | @aVerilog HDL建模设计@AVerilog HDL Jian Mo She Ji |
| 606 | 0 | @aVHDL语言@x程序设计 |
| 606 | 0 | @aVHDL语言 |
| 606 | 0 | @a程序设计 |
| 690 | @aTP312VH@v5 | |
| 701 | 0 | @a杨开陵@AYang Kai Ling@4编著 |
| 801 | 0 | @aCN@bTANGWEI@c20140603 |
| 905 | @b0837697-99@dTP312VH@e896@f3 | |
| FPGA那些事儿:Verilog HDL建模设计/杨开陵[等]编著.-北京:北京航空航天大学出版社,2013 |
| 342页:图;24cm |
| ISBN 978-7-5124-1210-1:CNY49.00 |
| 本书共6章,第1章起到扫盲的作用;第2章介绍建模的所有基本单位、应用以及一些需要注意的问题,这是通过VerilogHDL语言来设计FPGA的基础;第3章介绍一些典型实验,如PS2解码、UART串口和VGA驱动等;第4章讲仿顺序操作,是建模的一个重点,利用建模的优点去弥补VerilogHDL在顺序性操作的不足;第5章是模块封装,这可用于后期建模;第6章是系统建模,使建模模型有一个大体的轮廓和框架,是构建设计的“蓝图”。 |
| ● |
| 相关链接 |
|
|
|
|
正题名:FPGA那些事儿
索取号:TP312VH/896
 
预约/预借
| 序号 | 登录号 | 条形码 | 馆藏地/架位号 | 状态 | 备注 |
| 1 | 0837697 | 208376979 | 第二样本阅览室/ [索取号:TP312VH/896] | 在馆 | |
| 2 | 0837698 | 208376988 | 密集书库—计算机科学学院/ [索取号:TP312VH/896] | 在馆 | |
| 3 | 0837699 | 208376997 | 第三借阅区/ [索取号:TP312VH/896] | 在馆 |